Holders of 1500m World Record Men - Statistics

General Stats
  • This quiz has been taken 35 times
  • The average score is 7 of 25
Answer Stats
Time Date Nationality Answer % Correct
3m 32.03s 15/8/1979 Great Britain Sebastian Coe
93%
3m 29.67s 16/7/1985 Great Britain Steve Cram
90%
3m 31.36 27/8/1980 Great Britain Steve Ovett
90%
3m 30.77s 4/9/1983 Great Britain Steve Ovett
90%
3m 26.00s 14/7/1998 Morocco Hicham El Guerrouj
53%
3m 29.46s 23/8/1985 Morocco Saïd Aouita
40%
3m 32.16s 2/2/1974 Tanzania Filbert Bayi
33%
3m 33.1s 8/7/1967 USA Jim Ryun
33%
3m 28.86s 6/9/1992 Algeria Noureddine Morceli
33%
3m 27.37s 12/7/1995 Algeria Noureddine Morceli
33%
3m 36.0s 28/8/1958 Australia Herb Elliott
30%
3m 35.6s 6/9/1960 Australia Herb Elliott
30%
3m 41.8s 21/6/1954 Australia John Landy
23%
3m 31.24s 28/8/1983 USA Sydney Maree
7%
3m 43.0s 7/7/1944 Sweden Gunder Hägg
3%
3m 40.8s 6/9/1955 Denmark Gunnar Nielsen
0%
3m 40.6s 3/8/1956 Hungary István Rózsavölgyi
0%
3m 40.8s 6/9/1955 Hungary László Tábori
0%
3m 43.0s 15/7/1947 Sweden Lennart Strand
0%
3m 40.2s 11/7/1957 Finland Olavi Salonen
0%
3m 40.2s 11/7/1957 Finland Olavi Salsola
0%
3m 40.8s 28/7/1955 Hungary Sándor Iharos
0%
3m 38.1s 12/7/1957 Czechoslovakia Stanislav Jungwirth
0%
3m 43.0s 29/6/1952 West Germany Werner Lueg
0%
3m 42.8s 4/6/1954 USA Wes Santee
0%
No matching quizzes found
Score Distribution
Percent of People with Each Score
Percentile by Number Answered
Your Score History
You have not taken this quiz